000 00666nam a2200229 i 4500
001 000045124
003 DO-SdBNP
005 20250305083055.0
007 ta
008 150204s1995 dr a 000 0 spa d
040 _aDO-SdBNP
_bspa
_cBNPHU
_erda
082 4 _axxx
_bxxx
_222
245 0 0 _aJuventud para la civilización del amor.
246 1 2 _aBienaventurados los jovenes
264 1 _aSanto Domingo :
_bCasa de la Juventud,
_c1995.
300 _a53 páginas :
_bilustraciones ;
_c22 cm.
336 _atexto
_btxt
_2rdacontent
337 _asin mediación
_bn
_2rdamedia
338 _avolumen
_bnc
_2rdacarrier
490 _aPascua juvenil
_v95
942 _2ddc
_cLF2
999 _c44613
_d44613